000 00639nam a2200265Ia 4500
005 20260121165029.0
008 008 260114s9999 xx 000 0 eng d
020 _a9781137525833
037 _aEBOOK
040 _aCRL
040 _beng
040 _cCRL
041 _2eng
041 _aeng
084 _qCRL
100 _aP. Hayden
_91046657
245 0 _aCamus and the Challenge of Political Thought
260 _bSpringer
260 _bSpringer
260 _c2016
856 _uhttps://link.springer.com/openurl?genre=book&isbn=978-1-137-52583-3
942 _cEBOOK
999 _c1612382
_d1612382